| 000 | 00546nam a22002057a 4500 | ||
|---|---|---|---|
| 999 |
_c27631 _d27631 |
||
| 003 | OSt | ||
| 005 | 20250213162257.0 | ||
| 008 | 250213b ||||| |||| 00| 0 eng d | ||
| 040 | _cimukc | ||
| 041 | _aeng | ||
| 082 |
_a770.1 _bM3791 |
||
| 100 |
_95746 _aMartin, James |
||
| 245 |
_aHow to photograph weddings / _cJames Martin |
||
| 250 | _a1st ed. | ||
| 260 |
_aLondon : _bFountain Press, _cc1956. |
||
| 300 | _a2 v. (F01817 & F01818) | ||
| 500 | _aBoth F01817 & F01818 in a single book. | ||
| 650 | 0 |
_92991 _aPhotography |
|
| 942 |
_2ddc _cBK |
||